'P' Television Characters Quiz Stats

Quiz Updated Aug 17, 2017

Challenge
Share
Tweet
Score 0/20 Timer 05:00
5 Plays Today
% Correct
Penny Hofstadter
88.4%
Phoebe Buffay
88.4%
Peter Griffin
86.1%
Phil Dunphy
80.7%
Pam Beesly
76.6%
Peggy Bundy
61.9%
Philip J. Fry
46.8%
Paulie Gualtieri
43.6%
Pete Campbell
34.7%
Dr. Perry Cox
33.8%
% Correct
Piper Halliwell
32%
Penelope Garcia
30.3%
Paul Lassiter
29.7%
Phyllis Lindstrom
29.5%
Paris Geller
28.8%
Pearl Krabs
27.3%
Patrick Jane
25.6%
Pierce Hawthorne
19.4%
Dr. Preston Burke
18.9%
Peyton Sawyer
16.5%

You're not logged in!

Compare scores with friends on all Sporcle quizzes.
Sign Up with Email
OR
Log In

You Might Also Like...

Show Comments

Extras

Top Quizzes Today


Score Distribution

Your Account Isn't Verified!

In order to create a playlist on Sporcle, you need to verify the email address you used during registration. Go to your Sporcle Settings to finish the process.